| 000 | 01005nam a22003377a 4500 | ||
|---|---|---|---|
| 001 | BR2014007504 | ||
| 003 | BR-BrBNA | ||
| 005 | 20230928104542.0 | ||
| 007 | ta | ||
| 008 | 230509b bl.||||| |||| 00| 0 por d | ||
| 040 |
_aBR-BrBNA _bpor _cBiblioteca Nacional de Agricultura |
||
| 041 | _a(Por) | ||
| 072 | _aT01 | ||
| 090 | _ T01 BR2014007504 | ||
| 100 | 1 | _aCosta, E.T. de S. | |
| 110 | 1 |
_aUniversidade Federal de Lavras, MG (Brasil) _0Tese (Doutorado) |
|
| 245 | 1 | _aCaracterização e uso de subproduto da indústria de alumínio como absorvente de contaminantes inorgânicos | |
| 260 | 3 |
_aLavras, MG (Brasil): _c2010. |
|
| 300 | _a236 p. | ||
| 500 | _aSummaries (Eng, Por); Includes several bibliographies; 34 illus.; 17 tables | ||
| 650 | _aCONTAMINACAO | ||
| 650 | _aMATERIA SECA | ||
| 650 | _aIMPACTO AMBIENTAL | ||
| 650 | _aRESIDUO | ||
| 650 | _aZINCO | ||
| 650 | _aCADMIO | ||
| 650 | _aCHUMBO | ||
| 650 | _aCOBRE | ||
| 909 |
_a202309 _bLucia _c55 _dLucia Elande |
||
| 942 | _cBK | ||
| 999 |
_c80536 _d80536 |
||